000
00309pam a2200133 a 4500
020
_a
0-7494-2676-4
_c
041
_h
082
_a
658.8
_b
WIN
100
_a
WINTER C.D.,
245
_a
SELLING BY TELEPHONE
_h
Textual Documents
260
_a
LONDON
_b
KOGAN PAGE LTD
_c
1998
300
_a
XIII+127
930
_a
9743
999
_c
129196
_d
129196